Von Risiken und Nebenwirkungen des Predigens: Apg 17,22-28a(28b-34) ; 11.5.2014 ; Jubilate
Saved in:
| Main Author: | |
|---|---|
| Format: | Article (Journal) |
| Language: | German |
| Published: |
2014
|
| In: |
Göttinger Predigt-Meditationen
Year: 2014, Volume: 68, Issue: 2, Pages: 247-252 |
| ISSN: | 0340-6083 |
| Subjects: | |
| Online Access: |
|
| Author Notes: | Jantine Nierop |
MARC
| LEADER | 00000caa a2200000 c 4500 | ||
|---|---|---|---|
| 001 | 1636037372 | ||
| 003 | DE-627 | ||
| 005 | 20250716205130.0 | ||
| 007 | tu | ||
| 008 | 140212s2014 xx ||||| 00| ||ger c | ||
| 035 | |a (DE-627)1636037372 | ||
| 035 | |a (DE-576)400990628 | ||
| 035 | |a (DE-599)BSZ400990628 | ||
| 035 | |a (OCoLC)1528006455 | ||
| 040 | |a DE-627 |b ger |c DE-627 |e rakwb | ||
| 041 | |a ger | ||
| 084 | |a 12 |2 sdnb | ||
| 084 | |a 1 |2 ssgn | ||
| 100 | 1 | |a Nierop, Jantine |d 1975- |0 (DE-588)134044274 |0 (DE-627)559884168 |0 (DE-576)300274882 |4 aut | |
| 245 | 1 | 0 | |a Von Risiken und Nebenwirkungen des Predigens |b Apg 17,22-28a(28b-34) ; 11.5.2014 ; Jubilate |c Jantine Nierop |
| 246 | 3 | 3 | |a Jubilate |
| 264 | 1 | |c 2014 | |
| 300 | |a 6 | ||
| 336 | |a Text |b txt |2 rdacontent | ||
| 337 | |a ohne Hilfsmittel zu benutzen |b n |2 rdamedia | ||
| 338 | |a Band |b nc |2 rdacarrier | ||
| 689 | 0 | 0 | |d u |0 (DE-588)7639300-8 |0 (DE-627)702884855 |0 (DE-576)294397027 |a Bibel |p Apostelgeschichte |n 17,22-28 |2 gnd |
| 689 | 0 | 1 | |d u |0 (DE-588)7639299-5 |0 (DE-627)702884847 |0 (DE-576)294397019 |a Bibel |p Apostelgeschichte |n 17,28-34 |2 gnd |
| 689 | 0 | 2 | |d s |0 (DE-588)4175601-0 |0 (DE-627)10536293X |0 (DE-576)209964782 |a Predigthilfe |2 gnd |
| 689 | 0 | |5 (DE-627) | |
| 773 | 0 | 8 | |i In |t Göttinger Predigt-Meditationen |b [Gemeinschaftsausgabe] |d Göttingen : Vandenhoeck & Ruprecht, 1946 |g 68(2014), 2, Seite 247-252 |w (DE-627)129305685 |w (DE-600)124170-9 |w (DE-576)01450135X |x 0340-6083 |7 nnas |a Von Risiken und Nebenwirkungen des Predigens Apg 17,22-28a(28b-34) ; 11.5.2014 ; Jubilate |
| 773 | 1 | 8 | |g volume:68 |g year:2014 |g number:2 |g pages:247-252 |g extent:6 |a Von Risiken und Nebenwirkungen des Predigens Apg 17,22-28a(28b-34) ; 11.5.2014 ; Jubilate |
| 951 | |a AR | ||
| 990 | |a Predigthilfe | ||
| 990 | |a Bibel / Apostelgeschichte | ||
| 990 | |a Bibel / Apostelgeschichte | ||
| 992 | |a 20241202 | ||
| 993 | |a Article | ||
| 994 | |a 2014 | ||
| 998 | |g 134044274 |a Nierop, Jantine |m 134044274:Nierop, Jantine |d 10000 |e 10000PN134044274 |k 0/10000/ |p 1 |x j |y j | ||
| 999 | |a KXP-PPN1636037372 |e 4629769943 | ||
| BIB | |a Y | ||
| SER | |a journal | ||
| JSO | |a {"physDesc":[{"extent":"6 S."}],"id":{"eki":["1636037372"]},"origin":[{"dateIssuedDisp":"2014","dateIssuedKey":"2014"}],"recId":"1636037372","language":["ger"],"titleAlt":[{"title":"Jubilate"}],"person":[{"family":"Nierop","role":"aut","display":"Nierop, Jantine","given":"Jantine"}],"relHost":[{"title":[{"subtitle":"GPM","title":"Göttinger Predigt-Meditationen","title_sort":"Göttinger Predigt-Meditationen"}],"type":{"bibl":"periodical"},"name":{"displayForm":["Hrsg. Martin Fischer"]},"note":["Weitere Bände zugleich Bände von: Pastoraltheologie"],"pubHistory":["1.1946/47,Juli -"],"part":{"text":"68(2014), 2, Seite 247-252","pages":"247-252","extent":"6","year":"2014","volume":"68","issue":"2"},"origin":[{"dateIssuedDisp":"1946-","publisherPlace":"Göttingen","dateIssuedKey":"1946","edition":"[Gemeinschaftsausgabe]","publisher":"Vandenhoeck & Ruprecht"}],"disp":"Von Risiken und Nebenwirkungen des Predigens Apg 17,22-28a(28b-34) ; 11.5.2014 ; JubilateGöttinger Predigt-Meditationen","titleAlt":[{"title":"GPM"},{"title":"Göttinger Predigtmeditationen"}],"language":["ger"],"id":{"zdb":["124170-9"],"issn":["0340-6083"],"eki":["129305685"]},"recId":"129305685","physDesc":[{"noteFormat":"23 cm"}]}],"name":{"displayForm":["Jantine Nierop"]},"type":{"bibl":"article-journal"},"title":[{"title_sort":"Von Risiken und Nebenwirkungen des Predigens","title":"Von Risiken und Nebenwirkungen des Predigens","subtitle":"Apg 17,22-28a(28b-34) ; 11.5.2014 ; Jubilate"}]} | ||
| SRT | |a NIEROPJANTVONRISIKEN2014 | ||